| 000 | 00582nam a2200217Ia 4500 | ||
|---|---|---|---|
| 008 | 170203s9999 xx 000 0 und d | ||
| 020 | _a9718340130 | ||
| 050 | _a242.6 | ||
| 050 | _b.G577 1996 | ||
| 245 | _aGod's little devotional book for men / | ||
| 260 | _aManila : | ||
| 260 | _bLighthouse Books, | ||
| 260 | _c2001 | ||
| 300 | _a309 pages ; | ||
| 300 | _c18 cm. | ||
| 500 | _aOriginally published: Tulsa, Okla. : Honor Books, c1996. | ||
| 650 | _aChristian life | ||
| 650 | _aMen -- Prayer-books and devotions | ||
| 650 | _xAnecdotes. | ||
| 650 | _xEnglish. | ||
| 999 |
_c305420 _d305420 |
||